The HANDBOOK of brief therapies a practical guide

Salvato in:
Dettagli Bibliografici
Natura: Libro
Lingua:inglese
Pubblicazione: SAGE 2019
Tags: Aggiungi Tag
Nessun Tag, puoi essere il primo ad aggiungerne!!

MARC

LEADER 00000nam a22000007a 4500
008 240110b |||||||| |||| 00| 0 eng d
020 |a 9781528436429 
245 |a The HANDBOOK of brief therapies   |b a practical guide  |c /edited by Sarah Parry  |g xxi, 231p; ill 
250 |c Parry Sarah 
260 |b SAGE  |c 2019  |h London  |i 699989  |i 699990  |l RC480.5.H19  |m Brief psychotherapy - Handbooks, manuals, etc 
500 |a it includes references and index 
942 |a lcc  |c BK  |e Johnson  |f 10/01/24 
952 |0 0  |1 0  |2 lcc  |4 0  |6 RC04805 H19  |7 0  |9 4766  |a HE  |b HOL  |c QZ  |d 2024-01-10  |l 0  |o RC480.5.H19  |p 2024-0020  |r 2024-01-10 00:00:00  |t 699989  |w 2024-01-10  |y BK 
952 |0 0  |1 0  |2 lcc  |4 0  |6 RC04805 H19  |7 0  |9 4767  |a HOL  |b HOL  |c QZ  |d 2024-01-10  |l 0  |o RC480.5.H19  |p 2024-0021  |r 2024-01-10 00:00:00  |t 699990  |w 2024-01-10  |y BK 
999 |c 2388  |d 2388